水曜日のダウンタウン“一番好きな説”ベスト50 - Statistics

General Stats
  • This quiz has been taken 96 times
  • The average score is 11 of 50
Answer Stats
順位 説のタイトル 得票数 % Correct
3位 {新元号}を当てるまで脱出できない生活 2132票
87%
2位 「{ラヴィット!}」の女性ゲストを大喜利芸人軍団が遠隔操作すればレギュラーメンバーより笑い取れる説 2996票
86%
15位 松本人志{ロシアのスパイ}説 444票
66%
1位 名探偵津田 4348票
62%
18位 {先生のモノマネ} プロがやったら死ぬほどウケる説 424票
59%
8位 {フューチャー}クロちゃん 714票
54%
16位 宇多田ヒカル「First Love」の「誰を思ってるんだろう」の部分 カラオケで全員「{誰を思ってるんだはー}」と歌う説 430票
53%
6位 “{人がいる}”シリーズ 862票
47%
14位 「{人がいる}」の仕掛け人をやったあと、帰宅した自宅に人がいたら気の緩みもあってめちゃ怖い説 448票
47%
9位 {大江裕}なら裏の顔がどんなにヤバくてもさほど違和感なく受け入れちゃう説 586票
46%
23位 芸人なら{自分のネタと同じ状況}が現実に起きたら完璧にツッコめる説 312票
39%
21位 {落とし穴に落ちた}のに一向にネタバラシが来ないまま日が暮れたら正気じゃいられない説 402票
38%
11位 モンスターハウス 516票
36%
45位 吉幾三の「{俺ら東京さ行ぐだ}」と同じ状況の村 現存する説 96票
34%
5位 モンスターアイドル 868票
29%
35位 {清春の新曲} 歌詞を全て書き起こせるまで脱出できない生活 204票
28%
12位 {ダブル八百長}対決 452票
26%
17位 モンスターラブ 428票
21%
26位 数珠つなぎ企画で一番過酷なの{ジョジョの鉄塔システム}説 268票
21%
25位 大喜利若手芸人{酔った状態}の方が面白い説 298票
18%
33位 {徳川慶喜を生で見たことがある}人まだギリこの世にいる説 210票
18%
24位 中継先に現れた{ヤバめ素人のさばき方}で芸人の力量丸わかり説 310票
14%
31位 お寿司の達人 228票
14%
20位 早弁先生 406票
13%
32位 愛煙家対抗負け残り{タバコ我慢}対決 226票
13%
7位 {キグルミの中}から「お前ヤッちまうぞ」などの脅迫めいた言葉が聞こえてきたら超おっかない説 744票
11%
19位 {ものまねショー}に本人がそっくりさんとして出ても意外と気付かれない説 412票
9%
40位 {クールポコ。の背後に幽霊}がいたら「なぁ~に~?」のところでネタ中止説 156票
9%
4位 どんなに{バレバレのダメドッキリ}でも芸人ならつい乗っかっちゃう説 942票
8%
37位 {子供からもらった松ぼっくり}家まで持ち帰らざるを得ない説 196票
7%
27位 {島から一歩も出たことない人}けっこういる説 261票
5%
34位 {100万円争奪}金網デスマッチ 208票
5%
41位 {寝たら起きない}王決定戦 138票
4%
43位 {メシ屋で提供}が早すぎたらそれはそれでおっかない説 114票
4%
44位 {雪山 風船太郎}レース 100票
4%
46位 クロちゃん{部屋ごと無人島}生活 90票
4%
49位 {タバコに火をつけた瞬間}に「相方が倒れた」と言われてもひと吸いはする説 70票
4%
10位 “{結果発表}”シリーズ 538票
3%
13位 {プロポーズした彼女の実家}がどんなにヤバくても もう引き返せない説 450票
3%
28位 {色ナシ匂いアリ}空気砲 260票
3%
38位 逆ドッキリ{逆逆逆くらいまでいくと}疑心暗鬼になる説 194票
3%
50位 {怪しい自称プロデューサー}ホントドッキリ 68票
3%
48位 昭和はむちゃくちゃだった系の映像 {全部ウソでもZ世代は気づかない}説 74票
3%
29位 リアル豆柴ドミノ 254票
1%
39位 予告ドッキリ 176票
1%
42位 {春日の挨拶}チャレンジ 132票
1%
47位 {罰ゲーム安全対策}講習会 76票
1%
22位 松本人志{メキシコからきた謎のマスクマン}としてプロレス会場に登場してもバレない説 354票
0%
30位 {おぼん・こぼん}シリーズ 230票
0%
36位 {久しく見ていない女タレント}が死ぬほど整形していても指摘しづらい説 200票
0%
No matching quizzes found
Score Distribution
Percent of People with Each Score
Percentile by Number Answered
Your Score History
You have not taken this quiz